Normal view
MARC view
- Peters,C.J
Entry Personal Name
001 - CONTROL NUMBER
- control field: 830
003 - CONTROL NUMBER IDENTIFIER
- control field: OSt
005 - DATE AND TIME OF LATEST TRANSACTION
- control field: 20160708115635.0
008 - FIXED-LENGTH DATA ELEMENTS
- fixed length control field: 160708|| aca||aabn | a|a d
040 ## - CATALOGING SOURCE
- Original cataloging agency: OSt
- Transcribing agency: OSt
100 ## - HEADING--PERSONAL NAME
- Personal name: Peters,C.J
670 ## - SOURCE DATA FOUND
- Source citation: Work cat.: (OSt): Applied Thermodynamics of Fluids, 2010
